<?xml version="1.0" encoding="UTF-8"?>
<record
    xmlns:xsi="http://www.w3.org/2001/XMLSchema-instance"
    xsi:schemaLocation="http://www.loc.gov/MARC21/slim http://www.loc.gov/standards/marcxml/schema/MARC21slim.xsd"
    xmlns="http://www.loc.gov/MARC21/slim">

  <leader>00919nam a2200253Ia 4500</leader>
  <controlfield tag="003">OSt</controlfield>
  <controlfield tag="005">20250124091153.0</controlfield>
  <controlfield tag="008">210716s2014    xx            000 0 und d</controlfield>
  <datafield tag="020" ind1=" " ind2=" ">
    <subfield code="a">9788184249521</subfield>
  </datafield>
  <datafield tag="040" ind1=" " ind2=" ">
    <subfield code="c">AIMIT LIBRARY</subfield>
  </datafield>
  <datafield tag="041" ind1=" " ind2=" ">
    <subfield code="a">eng</subfield>
  </datafield>
  <datafield tag="082" ind1=" " ind2=" ">
    <subfield code="a">001.0725514</subfield>
    <subfield code="2">1</subfield>
    <subfield code="b"> REDK</subfield>
  </datafield>
  <datafield tag="100" ind1=" " ind2=" ">
    <subfield code="a">Reddy, K Ramamohan.</subfield>
    <subfield code="9">195045</subfield>
  </datafield>
  <datafield tag="245" ind1=" " ind2=" ">
    <subfield code="a">Hydrology and watershed management /</subfield>
    <subfield code="c">Edited by K Ramomohan Readdy and B Venkateswara Rao, C Sarala.</subfield>
  </datafield>
  <datafield tag="250" ind1=" " ind2=" ">
    <subfield code="a">1st ed.</subfield>
  </datafield>
  <datafield tag="260" ind1=" " ind2=" ">
    <subfield code="a">Hyderabad :</subfield>
    <subfield code="c">2014.</subfield>
    <subfield code="b">Centre for Water Resources ,</subfield>
  </datafield>
  <datafield tag="300" ind1=" " ind2=" ">
    <subfield code="a">xix,680p. ;</subfield>
    <subfield code="b">HB</subfield>
    <subfield code="c">25.5 cm</subfield>
  </datafield>
  <datafield tag="500" ind1=" " ind2=" ">
    <subfield code="a">Volume-1 and Volume-2</subfield>
  </datafield>
  <datafield tag="650" ind1=" " ind2=" ">
    <subfield code="a">Groundwater exploration and exploitation</subfield>
    <subfield code="9">195046</subfield>
  </datafield>
  <datafield tag="650" ind1=" " ind2=" ">
    <subfield code="a">RS&amp;GIS applications in water resources</subfield>
    <subfield code="9">195047</subfield>
  </datafield>
  <datafield tag="650" ind1=" " ind2=" ">
    <subfield code="a">Watershed management: hydrogical socio- economic and cultural models</subfield>
    <subfield code="9">195048</subfield>
  </datafield>
  <datafield tag="700" ind1=" " ind2=" ">
    <subfield code="a">Reddy, K Ramamohan., ed.</subfield>
    <subfield code="9">195049</subfield>
  </datafield>
  <datafield tag="942" ind1=" " ind2=" ">
    <subfield code="2">ddc</subfield>
    <subfield code="c">BK</subfield>
    <subfield code="e">1st</subfield>
    <subfield code="k">001.0725514 REDK</subfield>
  </datafield>
  <datafield tag="999" ind1=" " ind2=" ">
    <subfield code="c">194445</subfield>
    <subfield code="d">194445</subfield>
  </datafield>
  <datafield tag="952" ind1=" " ind2=" ">
    <subfield code="0">0</subfield>
    <subfield code="1">0</subfield>
    <subfield code="2">ddc</subfield>
    <subfield code="4">0</subfield>
    <subfield code="7">0</subfield>
    <subfield code="8">MCA</subfield>
    <subfield code="a">AIMIT</subfield>
    <subfield code="b">AIMIT</subfield>
    <subfield code="e">Knowledge World</subfield>
    <subfield code="g">2700.00</subfield>
    <subfield code="i">Bill no:448; Bill dt:2015-03-20</subfield>
    <subfield code="l">0</subfield>
    <subfield code="o">001.0725514 REDK</subfield>
    <subfield code="p">MCA13953</subfield>
    <subfield code="r">2025-07-21 00:00:00</subfield>
    <subfield code="v">2025.00</subfield>
    <subfield code="w">2021-07-16</subfield>
    <subfield code="y">BK</subfield>
  </datafield>
</record>
